Schmidt-Rösler, Andrea. Polen. - Regensburg : Pustet [u.a.]. - 1996 [Rezension]
| Titel: | Schmidt-Rösler, Andrea. Polen. - Regensburg : Pustet [u.a.]. - 1996 [Rezension] |
|---|---|
| Verfasser: | |
| In: |
Inter finitimos. Beiheft = Zeszyt specjalny, Heft 13 (1998), Seite 45-49 alle Artikel anzeigen |
| Veröffentlicht: | 1998 |
| Format: | Aufsatz |
| Sprache: | Deutsch |
X
alg: 39502347
001A $01999:12-11-16
001B $01999:04-08-21 $t21:02:24.000
001D $01999:12-11-16
001U $0utf8
001X $00
002@ $0Aox
003@ $0395023475
007A $0395023475 $aHEB
007T $0Herd09807
010@ $ager
011@ $a1998
021A $aSchmidt-Rösler, Andrea. Polen. - Regensburg : Pustet {[u.a.]. - 1996 [Rezension]
028A $aRydel $dJan
031A $e13 $h45-49 $j1998
039B $aIn $8--Abvc--. Inter finitimos. Beiheft = Zeszyt specjalny. - Marburg : Herder Inst., 1998-2000. - ISSN 1615-0597 $x199800000000013955 $9072373210
039T $8--Aau--Schmidt-Rösler, Andrea$Z1966- [Tp3]. Polen. - Regensburg : Pustet {[u.a.], 1996. - 296 S.. - Ill., graph. Darst., Kt.. - ISBN 3-7917-1521-6 $9050496050
045F $a900.9438 $eDDC23BSB
045F/01 $a900
045F/03 $g438
lok: 39502347 78
exp: 39502347 78 1 #EPN
201B/01 $018-11-16 $t13:31:01.000
201U/01 $0utf8
203@/01 $0791322084
208@/01 $a12-11-16 $be
209A/01 $a/ $f000 $x00
220C/01 $aTitelaufnehmer: ej
244Z/01 $2Trx $#Poola $#Lenkija $#Polija $#Polen Land $#Poland $#Lengyelország $#Poľsko $#Polsko $8--Trx--Polska$gkraj $x01 $9391345966
244Z/01 $2Trx $#arvustused $#recenzijos $#Reviews $#recenziók $#recenzje $#recenzie $#recenze $8--Trx--Rezensionen $x02 $9391357441
247C/01 $82080>Marburg/Lahn, Herder-Institut, Forschungsbibliothek, Bibliographieportal $9336309341
| LEADER | 00000caa a22000002c 4500 | ||
|---|---|---|---|
| 001 | 395023475 | ||
| 003 | DE-603 | ||
| 005 | 20210804210224.0 | ||
| 007 | tu | ||
| 008 | 161112s1998 xx |||| | u00||u|ger c | ||
| 035 | |a (DE-599)HEB395023475 | ||
| 040 | |a DE-603 |b ger |c DE-603 |d DE-603 | ||
| 041 | |a ger | ||
| 082 | 0 | 4 | |8 1\u |a 900.9438 |q DE-101 |2 23/BSB |
| 085 | |8 1\u |b 900 | ||
| 085 | |8 1\u |z 2 |s 438 | ||
| 100 | 1 | |a Rydel, Jan | |
| 245 | 0 | 0 | |a Schmidt-Rösler, Andrea. Polen. - Regensburg : Pustet [u.a.]. - 1996 [Rezension] |
| 264 | 0 | |c 1998 | |
| 773 | 0 | 8 | |i In |t Inter finitimos. Beiheft = Zeszyt specjalny |d Marburg : Herder Inst., 1998-2000 |x 1615-0597 |g Heft 13 (1998), Seite 45-49 |w (DE-603)072373210 |w (DE-600)1473311-0 |
| 787 | 0 | 8 | |i Rezension von |a Schmidt-Rösler, Andrea, 1966- |t Polen |d Regensburg : Pustet [u.a.], 1996 |h 296 S., Ill., graph. Darst., Kt. |z 3791715216 |w (DE-603)050496050 |
| 924 | 0 | |9 2080 |a (DE-603)791322084 |b DE-2080 |c HES |d d |g / | |


